00472pam a2200145a 44500008004100000020000900041041000800050082000900058100002800067245018400095250000600279260002300285300000900308650000900317230515b2003 xxu||||| |||| 00| 0 eng d aNULL aENG aN.D. aMs Anu Mr Ashok Ms Bina aA study to assess the incidence of physical and psychological ailments and protive measures taken by nursing personnel working in critical care units of selected hospitals in pune a0 aNULLb", , "c2003 aNULL aNULL